El diseño de soporte
| Main Author: | |
|---|---|
| Format: | Section = Libro |
| Language: | Undetermined Spanish |
| Published: |
España
Gustavo Gili
2000
|
| Edition: | 2a.ed. |
| Subjects: |
| LEADER | 00530nam a2200205Ia 4500 | ||
|---|---|---|---|
| 008 | 240829s9999 xx 000 0 und d | ||
| 020 | |a 84-252-1824-1 | ||
| 040 | |a BIBLIOTECA-RUSB/ 721 D611 | ||
| 041 | |a spa | ||
| 082 | |a 721 D611 | ||
| 100 | 1 | |a Habraken, N. J. | |
| 245 | 1 | 0 | |a El diseño de soporte |
| 250 | |a 2a.ed. | ||
| 260 | |a España |b Gustavo Gili |c 2000 | ||
| 300 | |a 210 p. :il. | ||
| 650 | 7 | |a DISEÑO Y CONSTRUCCION - VIVIENDAS | |
| 650 | 7 | |b DISEÑO DE SOPORTE - VIVIENDA | |
| 942 | |c BK |2 ddc | ||
| 991 | |a TEXTO | ||
| 999 | |c 5105 | ||